| 000 | 00743nam a2200229 a 4500 | ||
|---|---|---|---|
| 001 | 66554 | ||
| 003 | BD-RjUL | ||
| 005 | 20211209081544.0 | ||
| 008 | 170318s1967 nyua b 00100 eng d | ||
| 035 | _a(BD-RjUL)66684 | ||
| 040 |
_aANL _beng _dBD-RjUL _cBD-RjUL |
||
| 041 | _aeng | ||
| 082 | 0 |
_a150.072 _223 _bFRS 1967 |
|
| 100 | 1 |
_aFriedrich, Neil _9196999 |
|
| 245 | 1 | 4 |
_aThe social nature of psychological research : _bthe psychological experiment as a social interaction / _cNeil Friedrich |
| 260 |
_aNew York : _bBasic Books, _c1967. |
||
| 300 |
_axii, 204 p. : _bill. ; _c25 cm. |
||
| 504 | _aInclude Bibliography and index. | ||
| 650 | 0 |
_aPsychology _xExperiments. _95302 |
|
| 650 | 0 |
_aPsychology _xMethodology. _9197000 |
|
| 942 |
_2ddc _cBK |
||
| 999 |
_c66554 _d66554 |
||